000 00341nam a2200145Ia 4500
008 220805s9999 xx 000 0 und d
041 _aeng
082 _a153.9
100 _aSekar, Ragini
_988075
260 _aChennai
_bICRDCE
_c2011
245 _aChild is the Future V 1
250 _a1
440 _v1
650 _aChild Psychology
_988076
999 _c48489
_d48489